Logo CIB grande

FUNDAMENTOS DE ECONOMETRIA: TEORIA Y PROBLEMAS (Registro nro. 237344)

Detalles MARC
000 -LEADER
campo de control de longitud fija 00683nam a2200265Ia 4500
005 - FECHA Y HORA DE LA ÚLTIMA TRANSACCIÓN
campo de control 20250425162830.0
008 - DATOS DE LONGITUD FIJA--INFORMACIÓN GENERAL
campo de control de longitud fija 250425s9999 xx 000 0 und d
020 ## - NÚMERO INTERNACIONAL ESTÁNDAR DEL LIBRO
Número Internacional Estándar del Libro 9789587624625
041 ## - CÓDIGO DE IDIOMA
Código de lengua del texto/banda sonora o título independiente spa
044 ## - CÓDIGO DEL PAÍS DE LA ENTIDAD EDITORA/PRODUCTORA
Código MARC del país ck
082 ## - NÚMERO DE LA CLASIFICACIÓN DECIMAL DEWEY
Número de clasificación 330.015195
Iniciales del Autor LAR
010 ## - NÚMERO DE CONTROL DE LA BIBLIOTECA DEL CONGRESO
Número de control de LC 110832
100 ## - ENTRADA PRINCIPAL--NOMBRE DE PERSONA
Nombre de persona LARIOS, J. FERNANDO
245 #0 - MENCIÓN DEL TÍTULO
Título FUNDAMENTOS DE ECONOMETRIA: TEORIA Y PROBLEMAS
250 ## - MENCION DE EDICION
Mención de edición 1A ED.
264 ## - PRODUCCIÓN, PUBLICACIÓN, DISTRIBUCIÓN, FABRICACIÓN Y COPYRIGHT
Producción, publicación, distribución, fabricación y copyright Colombia, BOGOTA
Nombre del de productor, editor, distribuidor, fabricante EDICIONES DE LA U
Fecha de producción, publicación, distribución, fabricación o copyright 2007.
300 ## - DESCRIPCIÓN FÍSICA
Extensión 464
650 ## - PUNTO DE ACCESO ADICIONAL DE MATERIA--TÉRMINO DE MATERIA
Término de materia o nombre geográfico como elemento de entrada ECONOMETRIA
650 ## - PUNTO DE ACCESO ADICIONAL DE MATERIA--TÉRMINO DE MATERIA
Término de materia o nombre geográfico como elemento de entrada METODOS DE REGRESION
650 ## - PUNTO DE ACCESO ADICIONAL DE MATERIA--TÉRMINO DE MATERIA
Término de materia o nombre geográfico como elemento de entrada MULTICOLINEALIDAD
650 ## - PUNTO DE ACCESO ADICIONAL DE MATERIA--TÉRMINO DE MATERIA
Término de materia o nombre geográfico como elemento de entrada REGRESION LINEAL
700 ## - ENTRADA AGREGADA--NOMBRE PERSONAL
Nombre de persona ALVAREZ, V. JOSUE
700 ## - ENTRADA AGREGADA--NOMBRE PERSONAL
Nombre de persona QUINECHE, RICARDO
942 ## - ELEMENTOS DE ENTRADA SECUNDARIOS (KOHA)
Tipo de ítem Koha Libros
Existencias
Estatus retirado Estado de pérdida Estado de daño No para préstamo Biblioteca de origen Biblioteca actual Ubicación en estantería Fecha de adquisición Coste, precio normal de compra Etiqueta RFID Total de préstamos Total de renovaciones Código de barras Visto por última vez Fecha del último préstamo Copia número Tipo de ítem Koha
        CENTRO DE INFORMACIÓN BIBLIOTECARIA CENTRO DE INFORMACIÓN BIBLIOTECARIA   10/12/2019 25.00 0000000000000000034955 4 3 D-109957 04/02/2026 03/02/2026 1 Libros

Copyright 2025 ESPOL. Todos los derechos reservados.